Les vainqueurs du Dakar Auto (Pilote) - Statistiques

Statistiques générales
  • Ce quiz a été pris 40 fois
    18 depuis la dernière actualisation
  • Le résultat moyen est 10 sur 23
Statistiques - réponses
Titres Éditions (Constructeur) Pays Pilote % Correct
4 4 2010 (VW), 2018 (Peugeot), 2020 (Mini), 2024 (Audi) Carlos Sainz
100%
1 8 2004 (Mitsubishi), 2005 (Mitsubishi), 2007 (Mitsubishi), 2012 (Mini), 2013 (Mini), 2016 (Peugeot), 2017 (Peugeot), 2021 (Mini) Stéphane Peterhansel
100%
2 6 2011 (VW), 2015 (Mini), 2019 (Toyota), 2022 (Toyota), 2023 (Toyota), 2026 (Dacia Nasser Al-Attiyah
88%
3 4 1987 (Peugeot), 1989 (Peugeot), 1990 (Peugeot), 1991 (Citroën) Ari Vatanen
81%
22 1 2014 (Mini) Nani Roma
69%
7 2 1999 (Schlesser), 2000 (Schlesser) Jean-Louis Schlesser
56%
20 1 2006 (Mitsubishi) Luc Alphand
50%
21 1 2009 (VW) Giniel de Villiers
44%
15 1 1992 (Mitsubishi) Hubert Auriol
44%
12 1 1983 (Mercedes) Jacky Ickx
44%
19 1 2001 (Mitsubishi) Jutta Kleinschmidt
44%
23 1 2025 (Toyota) Yazeed Al Rajhi
44%
11 1 1982 (Renault) Claude Marreau
38%
14 1 1988 (Peugeot) Juha Kankkunen
38%
16 1 1993 (Mitsubishi) Bruno Saby
25%
6 3 1994 (Citroën), 1995 (Citroën), 1996 (Citroën) Pierre Lartigue
25%
5 3 1981 (Land Rover), 1984 (Porsche), 1986 (Porsche) René Metge
25%
8 2 2002 (Mitsubishi), 2003 (Mitsubishi) Hiroshi Masuoka
19%
17 1 1997 (Mitsubishi) Kenjirō Shinozuka
19%
9 1 1979 (Land Rover) Alain Génestier
13%
10 1 1980 (VW) Freddy Kottulinsky
13%
18 1 1998 (Mitsubishi) Jean-Pierre Fontenay
13%
13 1 1985 (Mitsubishi) Patrick Zaniroli
13%
Aucun quiz correspondant
Distribution des résultats
% des personnes avec chaque résultat
Percentile par nombre de réponses
Votre historique - résultats
Vous n’avez pas pris ce quiz depuis la dernière actualisation